BIBLIOTHÈQUE DE LA MAISON DU MEXIQUE

Logo 1 Logo 2

Pobreza y distribución del ingreso en México (notice nᵒ 1164)

détails MARC
000 -Sello discográfico
campo de control de longitud fija 01046nam a2200337 4500
005 - Identificación de versión
campo de control 20251016082630.0
010 ## - Número Estándar Internacional de Libros (ISBN)
Número (ISBN) 968-23-2193-X
035 ## - Otros números de control del sistema
Número de control del sistema 27877
099 ## - fechas locales
Tipo de ítem Koha LIBRO
100 ## - Datos de procesamiento general
Datos de procesamiento general 20020614d2000 m y1spay5003 ba
105 ## - Campo de datos codificados: Material textual, monográfico
Datos codificados de monografía a 001zy
200 1# - Título y mención de responsabilidad
Título propio Pobreza y distribución del ingreso en México
Designación general del material texto impreso
Primer mención de responsabilidad Julio Boltvinik, Enrique Hernández Laos
205 ## - Declaración de edición
Declaración de edición 2a ed
210 ## - Publicación, distribución, etc.
Lugar de publicación, distribución, etc. México
Nombre del editor, distribuidor, etc. Siglo Veintiuno Editores
Fecha de publicación, distribución, etc. 2000
215 ## - Descripción física
Designación de material específico y extensión del ítem 354 p
Otras características físicas cuadros
Dimensiones 23 cm
345 ## - Nota de información de adquisición
Fuente de adquisición/dirección de la suscripción [OBSOLETO] Compra
410 #1 - Series
Título Economía y demografía
606 ## - Término temático usado como materia
Elemento de entrada Distribución del ingreso
Subdivisión geográfica México
Número Koha 3051
606 ## - Término temático usado como materia
Elemento de entrada Macroeconomía
Subdivisión geográfica México
Número Koha 3052
606 ## - Término temático usado como materia
Elemento de entrada Pobreza
Subdivisión geográfica México
Número Koha 1015
660 ## - Código de área geográfica
Código MX
700 ## - Nombre personal - Responsabilidad primaria
Elemento de entrada Boltvinik Kalinka
Parte del nombre distinta del elemento de entrada Julio
Fechas 1944-
Número Koha 3053
701 ## - Nombre personal - Responsabilidad alternativa
Elemento de entrada Hernández Laos
Parte del nombre distinta del elemento de entrada Enrique
Número Koha 3054
801 #0 - Fuente de origen
Agencia cm
900 ## -
-- 1/1316
900 ## -
-- 7100213098\140602
942 ## - ELEMENTOS DE ENTRADA SECUNDARIOS (KOHA)
Tipo de ítem Koha Livre
996 ## -
-- MEX
-- 751145101
-- MMAG
-- 007615
-- 339.46 B694PO
-- 20230306LIV
Exemplaires
Estatus retirado Estado de daño Estado de pérdida Fecha de adquisición Biblioteca de origen Biblioteca actual Ubicación en estantería Código de barras Precio de reemplazo Signatura topográfica completa No para préstamo Tipo de ítem Koha Nota pública Nota no pública
      05/08/2025 Casa México Paris Casa México Paris   007615 05/08/2025 339.46 B694PO   Livre 20230306LIV 751145101